Bases ecológicas para el manejo de plagas.

Saved in:
Bibliografiske detaljer
Andre forfattere: Estay Cabrera, Sergio Andrés (Editor)
Format: Ukendt
Udgivet: Santiago, Chile : Ediciones UC, 2021.
Fag:
Tags: Tilføj Tag
Ingen Tags, Vær først til at tagge denne postø!

MARC

LEADER 00000 a2200000 4500
003 CL-VaPUC
005 20250314121326.0
008 250307t2021 ||||| |||| 00| 0 spa d
999 |c 445620  |d 445618 
020 |a 9789561428331 
040 |c Pontificia Universidad Católica de Valparaíso 
082 7 |2 22  |a 632.7 EST 2021 
100 |a Estay Cabrera, Sergio Andrés  |9 893644  |e editor 
245 |a Bases ecológicas para el manejo de plagas. 
260 |a Santiago, Chile :  |b Ediciones UC,  |c 2021. 
300 |a 263 páginas :  |b ilustraciones, mapas. 
583 |k GC  |c 20250308 
650 |a Plagas de insectos  |x Control biológico  |9 896417 
650 |a Plagas   |x Control biológico  |9 896418 
942 |2 ddc  |c BK 
952 |0 0  |1 0  |2 ddc  |4 0  |6 632_700000000000000_EST_2021  |7 0  |8 A  |9 600627  |a BIBAGR  |b BIBAGR  |d 2025-03-05  |e 3  |g 14062.00  |i 5665551  |o 632.7 EST 2021  |p 5665551  |r 2025-03-05  |t 1  |v 14062.00  |w 2025-03-05  |y BK  |k AGR